हरिगंधा (Record no. 23170)
[ view plain ]
| 000 -LEADER | |
|---|---|
| fixed length control field | 00843nam a22002057a 4500 |
| 005 - DATE AND TIME OF LATEST TRANSACTION | |
| control field | 20090206161622.0 |
| 008 - FIXED-LENGTH DATA ELEMENTS--GENERAL INFORMATION | |
| fixed length control field | 090206t xxu||||| |||| 00| 0 eng d |
| 082 ## - DEWEY DECIMAL CLASSIFICATION NUMBER | |
| Classification number | 820 |
| 245 ## - TITLE STATEMENT | |
| Title | हरिगंधा |
| Remainder of title | साहित्य और विचार की मासिकी |
| 246 ## - VARYING FORM OF TITLE | |
| Title proper/short title | Harigandha |
| 260 ## - PUBLICATION, DISTRIBUTION, ETC. (IMPRINT) | |
| Place of publication, distribution, etc | Panchkula |
| Name of publisher, distributor, etc | Haryana Sahitya Akademi |
| Date of publication, distribution, etc | 2009 |
| 300 ## - PHYSICAL DESCRIPTION | |
| Extent | v. |
| Dimensions | 24 cm |
| 310 ## - CURRENT PUBLICATION FREQUENCY | |
| Current publication frequency | monthly |
| 650 ## - SUBJECT ADDED ENTRY--TOPICAL TERM | |
| Topical term or geographic name as entry element | Hindi literature |
| 650 ## - SUBJECT ADDED ENTRY--TOPICAL TERM | |
| Topical term or geographic name as entry element | हिंदी साहित्य |
| 270 ## - ADDRESS | |
| Address | पी-16, सेक्टर 14, |
| City | पंचकूला |
| Postal code | 134113 |
| Telephone number | 0172-2565521, 2581807 |
| Electronic mail address | director_hsa@yahoo.com |
| 365 ## - TRADE PRICE | |
| Price note | Rs.100.00 annual |
| 942 ## - ADDED ENTRY ELEMENTS (KOHA) | |
| Source of classification or shelving scheme | Dewey Decimal Classification |
| Item type | Periodicals |
| Classification part | 820 |
| Call number suffix | हरिगं |
| Serial record | 1 |
| Withdrawn status | Lost status | Source of classification or shelving scheme | Damaged status | Not for loan | Collection code | Home library | Current library | Date acquired | Total Checkouts | Full call number | Date last seen | Price effective from | Koha item type |
|---|---|---|---|---|---|---|---|---|---|---|---|---|---|
| Dewey Decimal Classification | Not For Loan | Non-fiction | D.B.Act.Division | D.B.Act.Division | 06/02/2009 | 820 हरिगं | 06/02/2009 | 06/02/2009 | Periodicals |
